| 000 | 02411cam a22004574i 4500 | ||
|---|---|---|---|
| 003 | PE-LiUPU | ||
| 005 | 20250731173425.0 | ||
| 008 | 150706s2007 nyu r 000 0 eng d | ||
| 020 | _a9780061436864 | ||
| 035 | _a(Sirsi) i9780061436864 | ||
| 040 |
_aPE-LiUPU _bspa _cPE-LiUPU _erda |
||
| 049 | _aPRUA | ||
| 082 | 0 | 4 |
_a280.409 _bM12 _221 |
| 100 | 1 |
_aMcGrath, Alister E., _eautor. |
|
| 245 | 1 | 0 |
_aChristianity's dangerous idea : _bthe protestant revolution-a history from the sixteenth century to the twenty-first / _cAlister E. McGrath. |
| 264 | 1 |
_aNew York : _bHarperOne, _c2007. |
|
| 300 |
_a552 páginas ; _c21 centímetros |
||
| 336 |
_atext _2rdacontent |
||
| 337 |
_aunmediated _2rdamedia |
||
| 338 |
_avolume _2rdacarrier |
||
| 505 | 0 | _aOrigination -- The gathering storm -- The accidental revolutionary -- Alternatives to Luther the diversification of the Reformation -- The shift in powe: Calvin and Geneva -- England: the emergence of Anglicanism -- War, peace, and disinterest: European Protestantism in crisis, 1560-1800 -- Protestantism in America -- The nineteenth century: the global expansion of Protestantism -- Manifestation -- The Bible and Protestantism -- Believing and belonging: some distinctive protestant beliefs -- The structures of faith: organization, worship, and preaching -- Protestantism and the shaping of western culture -- Protestantism, the arts, and the natural sciences -- Transformation -- The changing shape of American Protestantism -- Tongues of fire: the Pentecostal revolution in Protestantism -- The new frontiers of Protestantism the global South -- Protestantism: the next generation. | |
| 526 | _aSEG42 | ||
| 526 | _aSEG41 | ||
| 526 | _aSEG40 | ||
| 526 | _aSEG39 | ||
| 526 | _aP94 | ||
| 526 | _aP87 | ||
| 526 | _aP86 | ||
| 526 | _aP85 | ||
| 526 | _aP77 | ||
| 526 | _aP76 | ||
| 526 | _aP35 | ||
| 541 | _g001-0000602; | ||
| 650 | 0 | 4 |
_aProtestantismo _xHistoria. |
| 910 |
_agl _bjv _clch _d20121119 |
||
| 942 |
_2ddc _cBOOK |
||
| 949 |
_a280.409 M12 _wDEWEY _c1 _i65735 _lCCODEBUL1 _mBUL _p45.00 _r0 _sY _tBOOK _u2015-7-6 _xTEOLOGIA _PP35 _o.STAFF. Colección General |
||
| 994 |
_aC0 _bPEPRU |
||
| 596 | _a1 | ||
| 999 |
_a280.409 M12 _wDEWEY _c54158 _i65735 _f2021-11-11 _g5 _lCCODEBUL1 _mBUL _p45.00 _r0 _sY _tBOOK _u2015-7-6 _xTEOLOGIA _PP35 _0COMPRA _o.STAFF. Colección Teología _d54158 |
||
| 980 |
_81 _gALBERTO SANCHEZ Responsable de Automatización |
||